1540 1676 1002 1382 1913 1876 1924 1266 1111 1823 1207 1137 1608 1968 1905 1911 1582 1769 1378 1722 1327 1818 1126 1682 1099 1562 1514 1877 1681 1340 1515 1030 1838 1682 1949 1506 1000 1526 1408 1365 1713 1816 1625 1348 1536 1892 1939 1147 1720 1992 1232 1945 1823 1360 1678 1739 1652 1617 1246 1583 1654 1833 1396 1369 1810 1785 1859 1276 1199 1913 1361 1268 1205 1290 1851 1233 1348 1097 1045 1860 1827 1897 1374 1367 1809 1451 1930 1184 1604 1586 1348 1959 1885 1439 1522 1785 1943 1034 1854 BCNSPRNW ULIB Ver.6.0+V

เปลี่ยนเป็นภาษาไทย

Change to English
 แสดงรายละเอียดบรรณานุกรม
  กลับหน้าหลัก

Brief Record : Get Marc (ISO 2709) : E-mail record : QR code < ปิดหน้าต่าง
LEADER : 00000nam 2200000uu 4500
001    13399123293
003     ULIB
008    140814s2557||||th 000 0 tha d
099    วจ.WL704^bส765ค
100 0  สุดกัญญา ปานเจริญ, วงศ์สิริ แจ่มฟ้า และมัณฑนา สุวรรณไพบูลย์
245 00 ความปวดและการจัดการความปวดของผู้สูงอายุที่มีความปวดจากความผิดปกติระบบกระดูกและกล้ามเนื้อที่ไม่ใช่มะเร็ง/^cสุดกัญญา ปานเจริญ, วงศ์สิริ แจ่มฟ้า และมัณฑนา สุวรรณไพบูลย์
246 0  Pain and pain management of elderly with chronic non-cancer pain from musculoskeletal discorders
260    นครสวรรค์:^bวิทยาลัยพยาบาลบรมราชชนนี สวรรค์ประชารักษ์ นครสวรรค์,^c2557
300    54 หน้า
650  0 ความปวด^xวิจัย
650  0 วิธีการจัดการความปวด^xวิจัย
650  0 ผู้สูงอายุ^cวิจัย
945    ^p0^l0^i034600
999    ^aเกษร โพธิ์สุวรรณ
รายการนี้ยังไม่มีแท็ก
คุณยังไม่ได้ล็อกอิน คุณสามารถมีกิจกรรมร่วมกับเว็บไซต์ได้ แต่ต้องล็อกอินก่อน ::
  ล็อกอิน

รายการสื่อสารสนเทศ

ลำดับที่ ประเภท เลขเรียก/บาร์โค้ด สถานที่ สถานะ
1. งานวิจัย
งานวิจัย
วจ.WL704 ส765ค ฉ.1 
  Barcode: 034600
ห้องสมุดวิทยาเขตสวรรค์ประชารักษ์
►วิจัย
บนชั้น

BibComment


ยังไม่เคยถูกคอมเมนท์

คอมเมนท์ทรัพยากรรายการนี้
  คอมเมนท์: ความปวดและการจัดก..


 Copyright 2026. Bcnsprnw @Library